Responses for Show #7866 - Monday, November 19, 2018

2018 Teen Tournament final game 1.

Contestants

[<< previous game]

Maya Wright, a senior from Peachtree City, Georgia

Claire Sattler, a senior from Bonita Springs, Florida

Emma Arnold, a junior from Owings Mills, Maryland

[next game >>]

Jeopardy! Round responses

SHAKESPEARE GUYS
(Alex: What are they doing here? We want girls.)
MEDDLING IN YOUR BUSINESS
ELEMENTAL
WOMEN ON TV
(Alex: That's better.)
SOLVE THE MYSTERY
"F"IVE-LETTER WORDS
    $200 1
Macbeth

Claire
    $200 26
Apple

Claire
    $200 2
hydrogen

Claire
    $200 7
American Idol

Claire
    $200 15
a witness

Emma
    $200 21
fetch

Maya
    $400 12
Falstaff

Emma
    $400 27
Verizon

Maya
    $400 3
carbon

Maya
    $400 8
(Claire: Who is Daredevil?)

Jessica Jones

ClaireMaya
    $400 17
a suspect

Maya
    $400 22
a fable

Emma
    $600 13
Othello

Emma
    $600 28
Kia

Maya
    $600 4
potassium

Maya
    $600 9
Once Upon a Time

Maya
    $600 18
motive

Emma
    $600 23
the femur

Maya
    $800 14
The Merchant of Venice

Claire
    $800 29
[The end-of-round signal sounds.]

Denny's

Claire
    $800 5
argon

Maya
    $800 10
This Is Us

Maya
    $800 19
a sleuth

Maya
    $800 24
(Alex: With less than a minute to go now.)

flora and fauna

Maya
    $1000 16
Two Gentlemen of Verona

Emma
    $1000 6
platinum

Claire
    $1000 11
Mindy Kaling

Emma
    $1000 20
(Maya: What is deduction?)

deductive

ClaireMaya
    $1000 25
Farsi

Emma

Scores at the first commercial break (after clue 15):

Emma Claire Maya
$2,200 $2,000 $3,600

Scores at the end of the Jeopardy! Round:

Emma Claire Maya
$5,200 $4,000 $6,400

Double Jeopardy! Round responses

ART SUBJECTS
VEGGIE IDIOMS
NOT-SO-ANCIENT HISTORY
FLAGS
TYLER, THE CREATOR
ODD FUTURE
    $400 2
Little Red Riding Hood

Claire
    $400 7
potatoes

Emma
    $400 16
NAFTA

Emma
    $400 17
South Africa

Claire
    $400 12
Tyler Perry

Maya
    $400 1
water

Emma
    $2,000 3
Madonna

Claire
    $800 8
(Claire: What is melon?)

gourd

ClaireMaya
    $800 19
(Maya: What is 00?)
[Originally ruled incorrect; ruled correct before the second Daily Double]

1900 (or 00)

Maya
    $800 23
Nepal

Claire
    $800 13
The Incredible Hulk

Maya
    $800 27
jet

Claire
    $1200 4
Medusa

Maya
    $1200 9
cool as a cucumber

Maya
    $1200 20
(Fitzwilliam) Darcy

Claire
    $3,000 24
(Alex: Less than a minute.)

British Columbia

Claire
    $1200 14
Tyler Posey

Maya
    $1200 28
antibiotics

Claire
    $1600 5
Salome

Emma
    $1600 10
a carrot

Emma
    $1600 21
(Emma: What is Sofia?)

Sarajevo

Emma
Triple Stumper
    $1600 25
a crescent moon

Maya
    $1600 15
food trucks

Emma
    $1600 29
(Maya: What is pollination?)
...
[The end-of-round signal sounds.]

fertilization

ClaireMaya
    $2000 6
Diego Rivera

Emma
    $2000 11
corn

Claire
    $2000 22
mp3s

Emma
    $2000 26
Jamaica

Emma
    $2000 18
the Neon Trees

Claire

Scores at the end of the Double Jeopardy! Round:

Emma Claire Maya
$15,600 $18,600 $12,800

Final Jeopardy! Round responses

AMERICAN WRITERS
(Alex: [To Emma] Walden Pond.)
MayaWho is Emerson?
$5,000
EmmaWho is Henry David Thoreau?
$3,400
ClaireWho is Thoreau?
$3,200
Henry David Thoreau

Final scores:

Emma Claire Maya
$19,000 $21,800 $7,800

Game dynamics:

Coryat scores:

Emma Claire Maya
$15,600 $15,600 $12,800
17 R,
1 W
19 R
(including 2 DDs),
2 W
21 R
(including 1 DD),
2 W

Combined Coryat: $44,000

[game clues] [game scores] [suggest correction]

Game tape date: 2018-08-29
The J! Archive is created by fans, for fans. Scraping, republication, monetization, and malicious use prohibited; this site may use cookies and collect identifying information. See terms. The Jeopardy! game show and all elements thereof, including but not limited to copyright and trademark thereto, are the property of Jeopardy Productions, Inc. and are protected under law. This website is not affiliated with, sponsored by, or operated by Jeopardy Productions, Inc. Join the discussion at JBoard.tv.